=LDR 00000nam 2200000 4500 =001 INLIS000000000024806 =005 20130612123351 =008 ***********************************Ind** =035 ##$$0010-061300000024806 =041 ##$$a Ind =082 ##$$a 419.22 =090 ##$$a 419.22, Sum a =100 ##$$a Sumarlam =245 ##$$a Aspektualitas bahasa jawa, Kajian morfologi dan sintaksis, Sumarlam =260 ##$$a 2004 $b Surakarta =300 ##$$a xxv,452 hlm, 22 cm =650 ##$$a Morfologi =850 ##$$a NBPNMAT